<?xml version="1.0" encoding="UTF-8"?>
<collection xmlns="http://www.loc.gov/MARC21/slim">
 <record>
  <leader>03437nam a22002897a 4500</leader>
  <controlfield tag="001">NCT_40119</controlfield>
  <controlfield tag="008">180609b        xxu||||| |||| 00| 0 vie d</controlfield>
  <datafield tag="999" ind1=" " ind2=" ">
   <subfield code="c">1932</subfield>
   <subfield code="d">1932</subfield>
  </datafield>
  <datafield tag="020" ind1=" " ind2=" ">
   <subfield code="c">65000</subfield>
  </datafield>
  <datafield tag="082" ind1="0" ind2="4">
   <subfield code="2">23rd ed.</subfield>
   <subfield code="a">657.076</subfield>
   <subfield code="b">Nh300</subfield>
  </datafield>
  <datafield tag="100" ind1="1" ind2=" ">
   <subfield code="a">Võ Văn Nhị</subfield>
   <subfield code="e">chủ biên</subfield>
  </datafield>
  <datafield tag="245" ind1="1" ind2="0">
   <subfield code="a">Nguyên lý kế toán</subfield>
   <subfield code="c">Võ Văn Nhị (chủ biên) ; Mai Thị Hoàng Minh, Đặng Thị Hoa</subfield>
  </datafield>
  <datafield tag="250" ind1=" " ind2=" ">
   <subfield code="a">Tái bản lần thứ 7</subfield>
  </datafield>
  <datafield tag="260" ind1=" " ind2=" ">
   <subfield code="a">TP. Hồ Chí Minh.</subfield>
   <subfield code="b">Phương Đông</subfield>
   <subfield code="c">2012</subfield>
  </datafield>
  <datafield tag="300" ind1=" " ind2=" ">
   <subfield code="a">250 tr.</subfield>
   <subfield code="b">Minh họa</subfield>
   <subfield code="c">24cm</subfield>
  </datafield>
  <datafield tag="500" ind1=" " ind2=" ">
   <subfield code="a">ĐTTS ghi: Trường Đại học Kinh tế TP. Hồ Chí Minh</subfield>
  </datafield>
  <datafield tag="520" ind1="3" ind2=" ">
   <subfield code="a">Việc sử dụng thông tin kế toán để phục vụ cho yêu cầu quản lý và ra quyết định đang và ngày càng trở nên cần thiết, phổ biến cho nhiều đối tượng khác nhau, đặc biệt cho các nhà đầu tư hiện tại, cho những người có mong muốn và có nhu cầu đầu tư. Để sử dụng được thông tin do kế toán cung cấp thì nhất thiết phải có những hiểu biết cơ bản về đối tượng, phương pháp và nội dung kế toán. Môn Nguyên lý Kế toán là môn học cung cấp những kiến thức nền tảng về kế toán, qua đó tạo cơ sở để tiếp tục học tập, nghiên cứu các môn học kế toán chuyên ngành. Nội dung cơ bản của môn Nguyên lý Kế toán bao gồm việc trình bày và giải thích đối tượng của kế toán, các phương pháp kế toán được sử dụng để thu thập, xử lý, tổng hợp và cung cấp thông tin và một số nội dung kế toán cơ bản trong doanh nghiệp. Môn học nguyên lý kế toán sẽ rất bổ ích cho những ai muốn tìm hiểu, nghiên cứu về kế toán.  Cuốn sách này được biên soạn với mục tiêu đáp ứng yêu cầu tìm hiểu về kế toán cho nhiều đối tượng khác nhau. Cuốn sách này cũng là tài liệu tham khảo cần thiết cho sinh viên khối kinh tế các trường Đại Học, Cao Đẳng.</subfield>
  </datafield>
  <datafield tag="653" ind1=" " ind2=" ">
   <subfield code="a">Kế toán</subfield>
  </datafield>
  <datafield tag="700" ind1="1" ind2=" ">
   <subfield code="a">Mai Thị Hoàng Minh</subfield>
  </datafield>
  <datafield tag="700" ind1="1" ind2=" ">
   <subfield code="a">Đặng Thị Hoa</subfield>
  </datafield>
  <datafield tag="942" ind1=" " ind2=" ">
   <subfield code="2">ddc</subfield>
   <subfield code="c">BK</subfield>
  </datafield>
  <datafield tag="952" ind1=" " ind2=" ">
   <subfield code="0">0</subfield>
   <subfield code="1">0</subfield>
   <subfield code="2">ddc</subfield>
   <subfield code="4">0</subfield>
   <subfield code="6">657_076000000000000_NH300</subfield>
   <subfield code="7">0</subfield>
   <subfield code="9">10065</subfield>
   <subfield code="a">000001</subfield>
   <subfield code="b">000001</subfield>
   <subfield code="d">2018-06-09</subfield>
   <subfield code="l">1</subfield>
   <subfield code="o">657.076 Nh300</subfield>
   <subfield code="p">MD.07551</subfield>
   <subfield code="r">2020-12-23</subfield>
   <subfield code="s">2020-12-10</subfield>
   <subfield code="v">65000.00</subfield>
   <subfield code="w">2018-06-09</subfield>
   <subfield code="y">BK</subfield>
  </datafield>
  <datafield tag="952" ind1=" " ind2=" ">
   <subfield code="0">0</subfield>
   <subfield code="1">0</subfield>
   <subfield code="2">ddc</subfield>
   <subfield code="4">0</subfield>
   <subfield code="6">657_076000000000000_NH300</subfield>
   <subfield code="7">0</subfield>
   <subfield code="9">10075</subfield>
   <subfield code="a">000001</subfield>
   <subfield code="b">000001</subfield>
   <subfield code="d">2018-06-09</subfield>
   <subfield code="l">2</subfield>
   <subfield code="o">657.076 Nh300</subfield>
   <subfield code="p">MD.07554</subfield>
   <subfield code="r">2020-12-19</subfield>
   <subfield code="s">2020-12-10</subfield>
   <subfield code="v">65000.00</subfield>
   <subfield code="w">2018-06-09</subfield>
   <subfield code="y">BK</subfield>
  </datafield>
  <datafield tag="952" ind1=" " ind2=" ">
   <subfield code="0">0</subfield>
   <subfield code="1">0</subfield>
   <subfield code="2">ddc</subfield>
   <subfield code="4">0</subfield>
   <subfield code="6">657_076000000000000_NH300</subfield>
   <subfield code="7">0</subfield>
   <subfield code="9">10076</subfield>
   <subfield code="a">000001</subfield>
   <subfield code="b">000001</subfield>
   <subfield code="d">2018-06-09</subfield>
   <subfield code="l">3</subfield>
   <subfield code="o">657.076 Nh300</subfield>
   <subfield code="p">MD.07557</subfield>
   <subfield code="r">2020-12-17</subfield>
   <subfield code="s">2020-12-01</subfield>
   <subfield code="v">65000.00</subfield>
   <subfield code="w">2018-06-09</subfield>
   <subfield code="y">BK</subfield>
  </datafield>
  <datafield tag="952" ind1=" " ind2=" ">
   <subfield code="0">0</subfield>
   <subfield code="1">0</subfield>
   <subfield code="2">ddc</subfield>
   <subfield code="4">0</subfield>
   <subfield code="6">657_076000000000000_NH300</subfield>
   <subfield code="7">0</subfield>
   <subfield code="9">10077</subfield>
   <subfield code="a">000001</subfield>
   <subfield code="b">000001</subfield>
   <subfield code="d">2018-06-09</subfield>
   <subfield code="l">1</subfield>
   <subfield code="o">657.076 Nh300</subfield>
   <subfield code="p">MD.07563</subfield>
   <subfield code="r">2020-12-19</subfield>
   <subfield code="s">2020-12-10</subfield>
   <subfield code="v">65000.00</subfield>
   <subfield code="w">2018-06-09</subfield>
   <subfield code="y">BK</subfield>
  </datafield>
  <datafield tag="952" ind1=" " ind2=" ">
   <subfield code="0">0</subfield>
   <subfield code="1">0</subfield>
   <subfield code="2">ddc</subfield>
   <subfield code="4">0</subfield>
   <subfield code="6">657_076000000000000_NH300</subfield>
   <subfield code="7">0</subfield>
   <subfield code="9">10081</subfield>
   <subfield code="a">000001</subfield>
   <subfield code="b">000001</subfield>
   <subfield code="d">2018-06-09</subfield>
   <subfield code="o">657.076 Nh300</subfield>
   <subfield code="p">MD.07560</subfield>
   <subfield code="r">2018-06-09</subfield>
   <subfield code="v">63000.00</subfield>
   <subfield code="w">2018-06-09</subfield>
   <subfield code="y">BK</subfield>
  </datafield>
  <datafield tag="980" ind1=" " ind2=" ">
   <subfield code="a">Thư viện Trường Đại học Nam Cần Thơ</subfield>
  </datafield>
 </record>
</collection>
